|
|
|
|
| LEADER |
00000nam0a2200000 4500 |
| 001 |
42594 |
| 005 |
20231031015530.0 |
| 035 |
|
|
|a (RuTPU)RU\TPU\book\43911
|
| 090 |
|
|
|a 42594
|
| 100 |
|
|
|a 20020911d1969 m y0rusy50 ca
|
| 101 |
0 |
|
|a rus
|
| 102 |
|
|
|a RU
|
| 105 |
|
|
|a a z 001zy
|
| 200 |
1 |
|
|a Эскапоновая электрическая изоляция
|f Л. Т. Пономарев
|
| 210 |
|
|
|a Ленинград
|c Энергия
|d 1969
|
| 215 |
|
|
|a 192 с.
|c ил.
|
| 320 |
|
|
|a Библиогр.: с. 188-191.
|
| 610 |
1 |
|
|a электроизоляционные материалы
|
| 610 |
1 |
|
|a изоляция
|
| 610 |
1 |
|
|a электроизоляционная техника
|
| 675 |
|
|
|a 621.315.616
|v 3
|
| 700 |
|
1 |
|a Пономарев
|b Л. Т.
|g Леонид Терентьевич
|
| 801 |
|
1 |
|a RU
|b 63413507
|c 20020911
|g PSBO
|
| 801 |
|
2 |
|a RU
|b 63413507
|c 20180724
|g PSBO
|
| 900 |
|
|
|a Новые материалы в электроизоляционной технике
|
| 900 |
|
|
|a Перспективные материалы и технологии в электроизоляционной технике
|
| 942 |
|
|
|c BK
|